Handbook of toxicity of pesticides to wildlife
Uloženo v:
| Hlavní autoři: | , |
|---|---|
| Korporace: | , |
| Médium: | Kniha |
| Jazyk: | angličtina |
| Vydáno: |
Washington, D.C
Department of the Interior
1970
|
| Edice: | Resource Publication, 84
|
| Témata: | |
| Tagy: |
Přidat tag
Žádné tagy, Buďte první, kdo vytvoří štítek k tomuto záznamu!
|
MARC
| LEADER | 00000nam a2200000 a 4500 | ||
|---|---|---|---|
| 001 | UCR6794 | ||
| 003 | CL-VaPUC | ||
| 008 | 980423e19700000US |||||||||||||||||eng|d | ||
| 082 | 0 | 4 | |a 632.154 |b TUC |2 21 |
| 100 | 0 | |a Tucker, Richarad K |e author |9 407914 | |
| 700 | 0 | |a Crabtree, Glen |e author |9 407915 | |
| 110 | 2 | |a Bureau of Sport Fisheries |e author |9 407916 | |
| 710 | 2 | |a Wildlife Denver Wildlife Research Center |e author |9 407917 | |
| 245 | 1 | 0 | |a Handbook of toxicity of pesticides to wildlife |
| 300 | |a 131 p | ||
| 942 | |c BK | ||
| 945 | |d 19980423 00:00:00 |a crobeson | ||
| 260 | |a Washington, D.C |b Department of the Interior |c 1970 | ||
| 650 | 0 | |a Control biológico |9 338554 | |
| 650 | 0 | |a Pesticidas |9 358300 | |
| 650 | 7 | |a PLAGAS |2 CL-VaPUC |9 264624 | |
| 650 | 7 | |a TOXICOLOGIA |2 CL-VaPUC |9 306970 | |
| 650 | 0 | |a Vida salvaje |9 407918 | |
| 650 | 0 | |a Medio ambiente |9 257625 | |
| 650 | 7 | |a CONTAMINACION |2 CL-VaPUC |9 258139 | |
| 583 | |a last modification |c 19980423 00:00:00 |k Rodrigo Vera | ||
| 490 | 0 | |a Resource Publication, 84 | |
| 999 | |c 268700 |d 268698 | ||
| 952 | |0 0 |1 0 |4 0 |6 632_154000000000000_TUC_1970 |7 0 |8 A |9 301952 |a BIBALI |b BIBALI |c GEN |d 2019-11-20 |i 1988808 |o 632.154 TUC 1970 |p 1988808 |r 2025-01-20 |w 2019-11-20 |y BK |k ALI | ||